| 000 | 00751nam a2200193 a 4500 | ||
|---|---|---|---|
| 003 | 0 | ||
| 005 | 20250410105543.0 | ||
| 008 | 071120s19uu xx 00 eng d | ||
| 050 |
_aPHS QK 99.C95 _b.A53 2007 |
||
| 100 | _aAndres, Ann Tamami I. | ||
| 245 |
_aAction of different concentration of lemon grass (Cymbopogon citratus) extract on Streptococcus pyogenes / _cAnn Tamami I. Andres. |
||
| 260 |
_aLas PiƱas City, Philippines : _bSouthville International School and Colleges, _c2007. |
||
| 300 |
_a28 pages : _bcolored illustrations ; _c28 cm. |
||
| 504 | _aIncludes bibliographical references. | ||
| 650 | _aCymbopogon citratus. | ||
| 650 |
_aPlant extracts _xAntibacterial properties. |
||
| 650 | _aStreptococcus pyogenes. | ||
| 942 |
_2lcc _cPASS |
||
| 999 |
_c97792 _d97792 |
||